书目信息 |
| 题名: |
欧也妮·葛朗台
|
|
| 作者: | 巴尔扎克 , Balzac , 巴尔扎克 著 ;傅雷 译 | |
| 分册: | ||
| 出版信息: | 合肥 安徽文艺出版社 1998 |
|
| 页数: | 481页 | |
| 开本: | 20cm | |
| 丛书名: | 傅译名著系列 | |
| 单 册: | ||
| 中图分类: | I565.44 | |
| 科图分类: | 47.1352 | |
| 主题词: | 长篇小说--法国--近代 | |
| 电子资源: | ||
| ISBN: | 7-5396-1726-8 | |
| 000 | 01415nam0 2200433 450 | |
| 000 | 01380nam0 2200421 450 | |
| 000 | 01343nam0 2200409 450 | |
| 000 | 01298nam0 2200397 450 | |
| 000 | 01181nam0 2200385 450 | |
| 000 | 01144nam0 2200373 450 | |
| 000 | 01054nam2 2200337 45 | |
| 001 | 0199032191 | |
| 005 | 20061011152424.14 | |
| 010 | @a7-5396-1726-8@dCNY19.80 | |
| 100 | @a19990511d1998 em y0chiy0121 ea | |
| 101 | 1 | @achi@cfre |
| 102 | @aCN@b340000 | |
| 105 | @af z 000ay | |
| 200 | 10 | @a欧也妮·葛朗台@Aou ye ni · ge lang tai@f(法)巴尔扎克(Honore de Balzac)著@F(fa)ba er zha ke(Honore de Balzac)zhu@g傅雷译 |
| 210 | @a合肥@c安徽文艺出版社@d1998 | |
| 215 | @a481页@c插图@d20cm | |
| 225 | 2 | @a傅译名著系列 |
| 300 | @a傅敏先生授权出版 据Louis Conard书店全集本,Paris 1949版译出 | |
| 300 | @a附:于絮尔·弥罗埃 | |
| 410 | 0 | @12001 @a傅译名著系列 |
| 510 | 1 | @aEugenie Grandet@zfre |
| 510 | 1 | @aUrsule Mirouet@zfre |
| 517 | 1 | @a于絮尔·弥罗埃@Ayu xu er · mi luo ai |
| 606 | @a长篇小说@y法国@z近代 | |
| 690 | @aI565.44@v3 | |
| 692 | @a47.1352@v2 | |
| 701 | 1 | @a巴尔扎克@Aba er zha ke@bH.de@4著 |
| 701 | A1 | @aBalzac@bHonore de@4著 |
| 701 | 0 | @a巴尔扎克@Aba er zha ke@bHonoredeBalzac@4著 |
| 702 | 0 | @a傅雷@Afu lei@4译 |
| 801 | 0 | @aCN@bNLC@c20061011 |
| 905 | @aBZT@dI565.44@e62 | |
| 906 | @d¥19.80@n0@r1 | |
| 欧也妮·葛朗台/(法)巴尔扎克(Honore de Balzac)著/傅雷译.-合肥:安徽文艺出版社,1998 |
| 481页:插图;20cm.-(傅译名著系列) |
| 傅敏先生授权出版 据Louis Conard书店全集本,Paris 1949版译出.-附:于絮尔·弥罗埃 |
| ISBN 7-5396-1726-8:CNY19.80 |
| ● |
| 相关链接 |
|
|
|
正题名:欧也妮·葛朗台
索取号:I565.44/62
 
预约/预借
| 序号 | 登录号 | 条形码 | 馆藏地/架位号 | 状态 | 备注 |
| 1 | 496311 | 230016530 | 中心书库中库/打包BH0146/ [索取号:I565.44/62] | 在馆 | |
| 2 | 496313 | 230016534 | 中心书库中库/打包BH0146/ [索取号:I565.44/62] | 在馆 | |
| 3 | 496314 | 230016533 | 中心书库中库/打包BH0146/ [索取号:I565.44/62] | 在馆 | |
| 4 | 496315 | 230016535 | 中心书库中库/打包BH0146/ [索取号:I565.44/62] | 在馆 |